000
00294nam a22001217a 4500
999
_c
160066
_d
160066
082
_a
_b
100
_a
Maharshis Markandalya Laugakshi
245
_a
The smriti sandarbha (v.6)/
_c
by Maharshis Markandalya Laugakshi.
260
_a
Delhi:
_b
Nag,
_c
300
_a
650
_a
942
_c
BK